Major 4 Sport Teams without Championship - Statistics

General Stats
  • This quiz has been taken 47 times
  • The average score is 33 of 41
Answer Stats
Hint Answer % Correct
NFL Atlanta Falcons
97%
NFL Detroit Lions
97%
NFL Arizona Cardinals
95%
NFL Carolina Panthers
95%
NHL Florida Panthers
95%
NFL Jacksonville Jaugars
92%
NHL Winnipeg Jets
92%
NFL Cleveland Browns
90%
NFL Tennessee Titans
90%
NFL Minnesota Vikings
87%
NFL Cincinnati Bengals
85%
NFL Houston Texans
85%
NFL Los Angeles Chargers
85%
NBA Brooklyn Nets
82%
NFL Buffalo Bills
82%
NBA Indiana Pacers
82%
NBA Memphis Grizzlies
82%
NHL Arizona Coyotes
79%
NBA New Orleans Pelicans
79%
NBA Orlando Magic
79%
NBA Phoenix Suns
79%
NHL Vancouver Canucks
79%
NBA Charlotte Hornets
77%
NBA Minnesota Timberwolves
77%
NHL Nashville Predators
77%
NHL Seattle Kraken
77%
MLB Seattle Mariners
77%
MLB Tampa Bay Rays
77%
MLB Texas Rangers
77%
NBA Utah Jazz
77%
NHL Columbus Blue Jackets
74%
NHL San Jose Sharks
74%
MLB Milwaukee Brewers
72%
NHL Minnesota Wild
69%
NHL Ottawa Senators
69%
MLB San Diego Padres
69%
NHL Vegas Golden Knights
69%
MLB Colorado Rockies
67%
NBA Los Angeles Clippers
67%
NBA Denver Nuggets
59%
NHL Buffalo Sabres
56%
No matching quizzes found
Score Distribution
Percent of People with Each Score
Percentile by Number Answered
Your Score History
You have not taken this quiz